LEADER 01052cam0 2200277 450 001 E600200047493 005 20210914080607.0 100 $a20090327d1937 |||||ita|0103 ba 101 $afre 102 $aFR 200 1 $a<>Roman de Renart$favec une notice biographique, une notice historique et littéraire, des notes explicatives, des jugements, un questionnaire et des sujets de devoirs, par Marc Boyon et Jean Frappier 210 $aParis$cLarousse$d1937 215 $a103 p.$d17 cm 225 2 $aClassiques Larousse 410 1$1001LAEC00018309$12001 $a*Classiques Larousse 702 1$aFrappier, Jean$3A600200052779$4070 702 1$aBoyon, Marc$3A600200053946$4070 801 0$aIT$bUNISOB$c20210914$gRICA 850 $aUNISOB 852 $aUNISOB$j840|Coll|3|K$m6927 912 $aE600200047493 940 $aM 102 Monografia moderna SBN 941 $aM 957 $a840|Coll|3|K$b000128$gSi$d6927$racquisto$1pregresso2$2UNISOB$3UNISOB$420090327114854.0$520151130130928.0$6Alfano 996 $aRoman de Renart$955572 997 $aUNISOB